00230nam a22001097a 4500003000400000020001800004082001600022100002100038245002800059260002500087300000800112SGT a9788131700976 a658.8bKUM  aKUMAR S. RAMESH  aMARKETING AND BRANDING  bPEARSON INDIA c2013 a482